| 000 | 00475nam a2200121Ia 4500 | ||
|---|---|---|---|
| 008 | 170221s9999 xx 000 0 und d | ||
| 100 | _aPatwardhan, Abhijit M. | ||
| 245 | 2 | _aA partial theory of holistic firm-level marketing capability: An empirical investigation | |
| 245 | _cAbhijit M. Patwardhan, Texas A&M International University. | ||
| 260 | _bJournal of Management and Marketing Research | ||
| 650 | _xBusiness | ||
| 856 | _uhttp://www.aabri.com/manuscripts/141880.pdf | ||
| 999 |
_c307374 _d307374 |
||